000 00654nam a2200241 i 4500
001 C2-0327693
003 PPAK
005 20180728125253.0
008 140709s2008 my a|||| ||||| | eng d
020 _a9789833698615
040 _aPPAK
_beng
_cPPAK
_erda
082 0 4 _a823
_223
090 0 0 _a823
_bTUN
_dG
100 0 _aTunku Halim,
_eauthor
245 1 0 _aJuriah's song
264 1 _aPetaling Jaya, Selangor :
_bMPH Group Publishing ,
_c2008
300 _a115 pages :
_billustrations ;
_c20 cm
336 _2rdacontent
_atext
337 _2rdamedia
_aunmediated
338 _2rdacarrier
_avolume
650 1 0 _aEnglish fiction.
942 _ddc
_cB
999 _c127227
_d127227